[Event "Avoine op 33rd"]
[Site "Avoine"]
[Date "2018.07.27"]
[Round "7"]
[White "Real, Thibault"]
[Black "Vekemans, Sylvain"]
[Result "1-0"]
[WhiteElo "2246"]
[BlackElo "1929"]
[PlyCount "59"]
[EventDate "2018.07.21"]
[EventType "swiss"]
[EventRounds "9"]
[EventCountry "FRA"]
[SourceTitle "CBM 185 Extra"]
[Source "ChessBase"]
[SourceDate "2018.07.29"]
[SourceVersion "1"]
[SourceVersionDate "2018.07.29"]
[SourceQuality "1"]

1. d4 Nf6 2. Bf4 b5 3. e3 Bb7 4. Nf3 a6 5. Nbd2 e6 6. Bd3 c5 7. c3 Nc6 8. 0-0 Be7 9. h3 0-0 10. e4 d6 11. Qe2 Qb6 12. Be3 Qc7 13. Rac1 e5 14. d5 Nd8 15. Nh4 g6 16. f4 Nxd5 17. exd5 Bxh4 18. f5 Bf6 19. Bh6 Bg7 20. Bxg7 Kxg7 21. f6+ Kh8 22. Be4 c4 23. Kh2 Qc5 24. b4 cxb3 25. Nxb3 Qa3 26. Qd2 Bc8 27. Qh6 Rg8 28. Nd2 Qa5 29. Nf3 Ne6 30. dxe6 1-0

[Event "Cappelle op 30th"]
[Site "Cappelle la Grande"]
[Date "2014.03.06"]
[Round "7"]
[White "Vekemans, Sylvain"]
[Black "Petkov, Vladimir"]
[Result "0-1"]
[WhiteElo "1867"]
[BlackElo "2566"]
[PlyCount "78"]
[EventDate "2014.03.01"]
[EventType "swiss"]
[EventRounds "9"]
[EventCountry "FRA"]
[SourceTitle "CBM 159 Extra"]
[Source "ChessBase"]
[SourceDate "2014.04.24"]
[SourceVersion "1"]
[SourceVersionDate "2014.04.24"]
[SourceQuality "1"]

1. c4 e5 2. Nc3 Bb4 3. Nd5 Bc5 4. b4 Bf8 5. Qb3 c6 6. Nc3 a5 7. b5 Nf6 8. e3 cxb5 9. cxb5 d5 10. Nf3 a4 11. Nxa4 Nbd7 12. Be2 Bd6 13. 0-0 0-0 14. Bb2 Re8 15. Rac1 Qe7 16. Rc2 Ne4 17. d4 exd4 18. exd4 Qe6 19. Rfc1 Bf4 20. Re1 Qh6 21. Bd3 Ndf6 22. Bc1 Bg4 23. Bxf4 Qxf4 24. Ne5 Nxf2 25. Rxf2 Qxd4 26. Nf3 Bxf3 27. Rxe8+ Nxe8 28. gxf3 Rxa4 29. Qc2 g6 30. Kg2 Ra8 31. f4 Nf6 32. Qb2 Qxd3 33. Qxf6 Qe4+ 34. Kg1 Rc8 35. Qb2 d4 36. f5 Qe3 37. Qd2 Rc1+ 38. Kg2 Qe4+ 39. Rf3 Rc2 0-1

[Event "Cappelle op 30th"]
[Site "Cappelle la Grande"]
[Date "2014.03.04"]
[Round "5"]
[White "Vekemans, Sylvain"]
[Black "Manolache, Marius"]
[Result "0-1"]
[WhiteElo "1867"]
[BlackElo "2495"]
[PlyCount "52"]
[EventDate "2014.03.01"]
[EventType "swiss"]
[EventRounds "9"]
[EventCountry "FRA"]
[SourceTitle "CBM 159 Extra"]
[Source "ChessBase"]
[SourceDate "2014.04.24"]
[SourceVersion "1"]
[SourceVersionDate "2014.04.24"]
[SourceQuality "1"]

1. c4 Nf6 2. Nc3 d6 3. g3 g6 4. Bg2 Bg7 5. e4 Nc6 6. d3 a6 7. Nge2 Rb8 8. 0-0 b5 9. cxb5 axb5 10. Nxb5 Rxb5 11. Qa4 Rb6 12. e5 Bd7 13. exf6 Bxf6 14. Nc3 Nd4 15. Qd1 c6 16. Ne4 Bg7 17. Bg5 0-0 18. Qd2 Rxb2 19. Qxb2 Nf3+ 20. Bxf3 Bxb2 21. Rab1 Bd4 22. Nxd6 Bh3 23. Nb7 Qa8 24. Bg2 Bxg2 25. Kxg2 Rb8 26. Rb4 c5 0-1

[Event "La Fere op 11th"]
[Site "La Fere"]
[Date "2012.07.07"]
[Round "1"]
[White "Vekemans, Sylvain"]
[Black "Sobry, Sebastien"]
[Result "1-0"]
[WhiteElo "1779"]
[BlackElo "2039"]
[PlyCount "81"]
[EventDate "2012.07.07"]
[EventType "swiss"]
[EventRounds "9"]
[EventCountry "FRA"]
[SourceTitle "CBM 149 Extra"]
[Source "ChessBase"]
[SourceDate "2012.08.24"]
[SourceVersion "1"]
[SourceVersionDate "2012.08.24"]
[SourceQuality "1"]

1. c4 Nf6 2. Nc3 c5 3. g3 Nc6 4. Bg2 g6 5. Nf3 Bg7 6. 0-0 0-0 7. d3 d6 8. Bd2 Rb8 9. Rb1 e6 10. a3 Qe7 11. b4 d5 12. b5 Nd8 13. Bf4 Ra8 14. Qd2 d4 15. Na4 Nh5 16. Bh6 e5 17. Bxg7 Kxg7 18. Ne1 f5 19. Qa5 Ne6 20. Nc2 Nf6 21. Na1 e4 22. b6 Bd7 23. bxa7 Bxa4 24. Qxa4 b5 25. Rxb5 Rxa7 26. Qb3 Rfa8 27. Nc2 Nc7 28. Rb7 Ra6 29. Rb1 Nce8 30. Rb6 Ra4 31. Rb8 R8a7 32. f3 Nd6 33. Qb6 R4a5 34. fxe4 fxe4 35. Rf1 R7a6 36. Qb2 Nfe8 37. Bxe4 Nxe4 38. Rb7 Nc7 39. dxe4 Ra7 40. Nxd4 cxd4 41. Qxd4+ 1-0

[Event "FRA-ch U12"]
[Site "Aix les Bains"]
[Date "2009.04.22"]
[Round "5"]
[White "Vekemans, Sylvain"]
[Black "Baudry, Remi"]
[Result "0-1"]
[WhiteElo "1750"]
[BlackElo "1501"]
[PlyCount "92"]
[EventDate "2009.04.19"]
[EventType "swiss"]
[EventRounds "9"]
[EventCountry "FRA"]
[SourceTitle "CBM 130 Extra"]
[Source "ChessBase"]
[SourceDate "2009.07.02"]
[SourceVersion "2"]
[SourceVersionDate "2009.07.15"]
[SourceQuality "1"]

1. c4 Nf6 2. Nc3 g6 3. g3 Bg7 4. Bg2 0-0 5. Nf3 d6 6. 0-0 c6 7. d3 Qa5 8. Bd2 Qh5 9. b4 Bg4 10. Rb1 Nbd7 11. b5 e5 12. a4 Bh3 13. Bxh3 Qxh3 14. Ng5 Qh5 15. f3 d5 16. Qe1 h6 17. cxd5 cxd5 18. Nxd5 Nxd5 19. g4 Qxg5 20. Bxg5 hxg5 21. Qc1 Nf4 22. Qe3 Nb6 23. a5 Nbd5 24. Qd2 Rfd8 25. e3 Ne6 26. Kf2 Bf8 27. Rfe1 Rac8 28. Rb3 Bc5 29. Kg3 f5 30. h3 f4+ 31. exf4 gxf4+ 32. Kh2 Be3 33. Qg2 Nd4 34. Rb2 Nb4 35. Kh1 Nxd3 36. Rbe2 Nxe1 37. Rxe1 Rc2 38. Qf1 Kh7 39. h4 Rf2 40. Qc4 Nxf3 41. Qf7+ Kh6 42. g5+ Kh5 43. Qh7+ Kg4 44. Rg1+ Kh3 45. Rg3+ fxg3 46. Qd7+ Rxd7 0-1

[Event "FRA-ch U12"]
[Site "Aix les Bains"]
[Date "2009.04.20"]
[Round "2"]
[White "Rodriguez, Adrien"]
[Black "Vekemans, Sylvain"]
[Result "1-0"]
[WhiteElo "1620"]
[BlackElo "1750"]
[PlyCount "51"]
[EventDate "2009.04.19"]
[EventType "swiss"]
[EventRounds "9"]
[EventCountry "FRA"]
[SourceTitle "CBM 130 Extra"]
[Source "ChessBase"]
[SourceDate "2009.07.02"]
[SourceVersion "2"]
[SourceVersionDate "2009.07.15"]
[SourceQuality "1"]

1. d4 d5 2. c4 e6 3. Nc3 Nf6 4. Bg5 Bb4 5. e3 0-0 6. Nf3 Bxc3+ 7. bxc3 h6 8. Bh4 c6 9. Bd3 Nbd7 10. 0-0 Qa5 11. Qc2 Ne4 12. Bxe4 dxe4 13. Nd2 f5 14. f3 exf3 15. Rxf3 Nb6 16. Raf1 Qa6 17. c5 Nd5 18. e4 Nc7 19. exf5 exf5 20. Ne4 Nd5 21. Nd6 Bd7 22. c4 Nb4 23. Qb3 g5 24. Qxb4 gxh4 25. Ra3 Qxa3 26. Qxa3 1-0

[Event "FRA-ch U12"]
[Site "Le Grand Bornand"]
[Date "2007.04.??"]
[Round "7"]
[White "Vekemans, Sylvain"]
[Black "Le Pen, Steven"]
[Result "0-1"]
[WhiteElo "1660"]
[BlackElo "1570"]
[PlyCount "62"]
[EventDate "2007.04.07"]
[EventType "swiss"]
[EventRounds "9"]
[EventCountry "FRA"]
[SourceTitle "CBM 118 Extra"]
[Source "ChessBase"]
[SourceDate "2007.07.04"]
[SourceVersion "1"]
[SourceVersionDate "2007.07.04"]
[SourceQuality "1"]

1. b4 e5 2. Bb2 Bxb4 3. Bxe5 Nf6 4. a3 Ba5 5. e3 Nc6 6. Bb2 d5 7. Nf3 Bg4 8. Be2 0-0 9. 0-0 Bb6 10. h3 Bxf3 11. Bxf3 d4 12. Bxc6 bxc6 13. Qe2 Re8 14. c4 Qd7 15. a4 a5 16. Na3 Re6 17. Nc2 d3 18. Qd1 dxc2 19. Qxc2 Rd8 20. d4 c5 21. d5 Ree8 22. Qc3 Qf5 23. g4 Qg6 24. f4 Ne4 25. Qe1 c6 26. f5 Qg5 27. dxc6 Bc7 28. Rd1 Rxd1 29. Qxd1 Qxe3+ 30. Kh1 Qxh3+ 31. Kg1 Qh2# 0-1